| 000 | 00517nam a22001697a 4500 | ||
|---|---|---|---|
| 003 | OSt | ||
| 005 | 20260202105835.0 | ||
| 008 | 260130b |||||||| |||| 00| 0 eng d | ||
| 040 | _cMRSPTU | ||
| 041 | _aENG | ||
| 100 | _aGarima Paul , Supervisor : Dr. Rajesh Kumar | ||
| 245 | _aDisasters in India-Scope of Hazards and Management | ||
| 260 |
_bDepartment of Civil Engg. MRSPTU, Bathinda _c2012 |
||
| 650 | _aCivil Engineering | ||
| 856 | _uhttp://localhost:8080/xmlui/handle/123456789/1005 | ||
| 942 |
_2ddc _cTH _n0 |
||
| 999 |
_c10799 _d10799 |
||